00482nam a2200193Ia 4500003000400000005001700004008004100021020001800062040000700080041001200087082001700099100001500116245005000131260002700181300002900208365001300237650001500250650002300265OSt20250712113744.0210423s2008 xx 000 0 und d a9780745639727 cAL aEnglish a070.4 bJORH aTim Jordan aHackingb: digital media and society services aUKbPolity Pressc2008 avi,160p.bPBc20.5x15cm. b955cINR aJournalism aJournalism & Media